[Event "TUR-chT 1st League"]
[Site "Konya"]
[Date "2018.07.22"]
[Round "9.8"]
[White "Durmaz, Ayca Fatma"]
[Black "Babiy, Olga"]
[Result "0-1"]
[WhiteElo "1891"]
[BlackElo "2333"]
[PlyCount "70"]
[EventDate "2018.07.16"]
[EventType "team-swiss"]
[EventRounds "9"]
[EventCountry "TUR"]
[SourceTitle "EXT 2019"]
[Source "ChessBase"]
[SourceDate "2018.10.10"]
[SourceVersion "1"]
[SourceVersionDate "2018.10.10"]
[SourceQuality "1"]
[WhiteTeam "Varyant Genclik"]
[BlackTeam "Karsiyaka Ihtisas"]
[WhiteTeamCountry "TUR"]
[BlackTeamCountry "TUR"]

1. c4 e5 2. Nc3 d6 3. g3 f5 4. Bg2 Nf6 5. d3 Be7 6. Nf3 0-0 7. 0-0 Qe8 8. Rb1 Qh5 9. Nd5 Bd8 10. Nxf6+ Bxf6 11. b4 g5 12. Qb3 Be6 13. Qd1 f4 14. a4 Bg7 15. Nd2 Nc6 16. Ne4 Nd4 17. Rb2 g4 18. f3 Rad8 19. b5 c6 20. bxc6 bxc6 21. Rb7 d5 22. cxd5 Bxd5 23. fxg4 Qxg4 24. Bf3 Qg6 25. Qe1 c5 26. Rxa7 c4 27. Kg2 Nxf3 28. Rxf3 Bxe4 29. dxe4 Qxe4 30. Qf2 Rf6 31. Re7 Bf8 32. Rc7 Rd1 33. Bb2 Rd2 34. Bxe5 Qxe5 35. Rxf4 Rxe2 0-1

[Event "TUR-chT 1st League"]
[Site "Konya"]
[Date "2018.07.17"]
[Round "2.7"]
[White "Durmaz, Ayca Fatma"]
[Black "Demirtas, Hafize"]
[Result "0-1"]
[WhiteElo "1891"]
[BlackElo "1672"]
[PlyCount "82"]
[EventDate "2018.07.16"]
[EventType "team-swiss"]
[EventRounds "9"]
[EventCountry "TUR"]
[SourceTitle "EXT 2019"]
[Source "ChessBase"]
[SourceDate "2018.10.10"]
[SourceVersion "1"]
[SourceVersionDate "2018.10.10"]
[SourceQuality "1"]
[WhiteTeam "Varyant Genclik"]
[BlackTeam "Burdurspor Dernegi"]
[WhiteTeamCountry "TUR"]
[BlackTeamCountry "TUR"]

1. c4 e6 2. Nf3 Nf6 3. g3 d5 4. b3 Bb4 5. a3 Be7 6. Bb2 0-0 7. Bg2 a5 8. 0-0 Na6 9. d3 c5 10. cxd5 exd5 11. d4 a4 12. bxa4 c4 13. Nc3 Bf5 14. Nd2 Rc8 15. e4 dxe4 16. Ndxe4 Nxe4 17. Nxe4 Qd7 18. Re1 Bh3 19. Bh1 f5 20. Nc3 Nc7 21. Bc1 Kh8 22. Bf4 Ne6 23. Be5 f4 24. Nd5 fxg3 25. hxg3 Bd8 26. Nf4 Nxf4 27. Bxf4 Qf7 28. Rb1 b6 29. Be4 Bc7 30. Be3 Rce8 31. Qc2 Qe6 32. Bh1 Bf5 33. Qc1 Bxb1 34. Qxb1 Qg4 35. Qd1 Qg6 36. Qd2 h5 37. Kh2 h4 38. Rg1 hxg3+ 39. fxg3 Qh5+ 40. Kg2 Qf3+ 41. Kh2 Qxe3 0-1

[Event "TUR-chT2"]
[Site "Konya"]
[Date "2016.07.21"]
[Round "8.8"]
[White "Durmaz, Ayca Fatma"]
[Black "Gavasheli, Ana"]
[Result "0-1"]
[WhiteElo "1881"]
[BlackElo "2190"]
[PlyCount "80"]
[EventDate "2016.07.17"]
[EventType "team-swiss"]
[EventRounds "9"]
[EventCountry "TUR"]
[SourceTitle "CBM 173 Extra"]
[Source "ChessBase"]
[SourceDate "2016.08.29"]
[SourceVersion "1"]
[SourceVersionDate "2016.08.29"]
[SourceQuality "1"]
[WhiteTeam "Ankara Orta Dogu"]
[BlackTeam "Ordu Azdur"]
[WhiteTeamCountry "TUR"]
[BlackTeamCountry "TUR"]

1. c4 e6 2. Nf3 d5 3. b3 d4 4. e3 c5 5. d3 Nc6 6. Be2 Nf6 7. 0-0 Be7 8. Na3 0-0 9. exd4 cxd4 10. Nc2 h6 11. Ba3 Bxa3 12. Nxa3 e5 13. Nc2 Qd6 14. Re1 Rd8 15. Bf1 Bg4 16. h3 Bh5 17. Rb1 a5 18. Rb2 Rd7 19. Na1 Re8 20. g4 Bg6 21. Nh4 Bh7 22. Ng2 Nb4 23. f3 Rde7 24. Nc2 Nc6 25. Na1 Nd7 26. Rd2 f5 27. Nc2 Rf8 28. Rf2 fxg4 29. hxg4 Ref7 30. Be2 Nd8 31. Qd2 b6 32. b4 a4 33. Na3 Ne6 34. Nb5 Qb8 35. Bd1 Ng5 36. Ref1 Nh3+ 37. Kh1 Nxf2+ 38. Rxf2 Nf6 39. Re2 e4 40. dxe4 Nxe4 0-1

[Event "TUR-chT2"]
[Site "Konya"]
[Date "2015.07.30"]
[Round "8.11"]
[White "Durmaz, Ayca Fatma"]
[Black "Yuksek, Emek"]
[Result "1-0"]
[WhiteElo "1891"]
[BlackElo "1557"]
[PlyCount "59"]
[EventDate "2015.07.25"]
[EventType "team-swiss"]
[EventRounds "9"]
[EventCountry "TUR"]
[SourceTitle "EXT 2017"]
[Source "ChessBase"]
[SourceDate "2016.10.25"]
[SourceVersion "1"]
[SourceVersionDate "2016.10.25"]
[SourceQuality "1"]
[WhiteTeam "Ankara Odtu"]
[BlackTeam "Istanbul Dobruca"]
[WhiteTeamCountry "TUR"]
[BlackTeamCountry "TUR"]

1. c4 Nf6 2. Nf3 d5 3. b3 c5 4. Bb2 Bf5 5. cxd5 Qxd5 6. g3 Qd7 7. Qc1 Na6 8. Bg2 g6 9. Ne5 Qb5 10. Na3 Qb6 11. 0-0 Bh6 12. Nac4 Qc7 13. Ne3 Be6 14. Qc3 0-0 15. Rac1 Rfd8 16. Rfd1 Qb6 17. d4 cxd4 18. Rxd4 Rxd4 19. Qxd4 Qxd4 20. Bxd4 Bxe3 21. Bxe3 Bd5 22. Bxd5 Nxd5 23. Bd4 f6 24. Nf3 Kf7 25. e4 Ndb4 26. a3 Nc6 27. Be3 Rd8 28. b4 Nc7 29. a4 a6 30. Bb6 1-0

[Event "TUR-chT2"]
[Site "Konya"]
[Date "2015.07.27"]
[Round "4.4"]
[White "Durmaz, Ayca Fatma"]
[Black "Daulyte Cornette, Deimante"]
[Result "0-1"]
[WhiteElo "1891"]
[BlackElo "2369"]
[PlyCount "76"]
[EventDate "2015.07.25"]
[EventType "team-swiss"]
[EventRounds "9"]
[EventCountry "TUR"]
[SourceTitle "CBM 167 Extra"]
[Source "ChessBase"]
[SourceDate "2015.09.14"]
[SourceVersion "1"]
[SourceVersionDate "2015.09.14"]
[SourceQuality "1"]
[WhiteTeam "Ankara Odtu"]
[BlackTeam "Burdur Callica"]
[WhiteTeamCountry "TUR"]
[BlackTeamCountry "TUR"]

1. c4 b6 2. Nf3 Bb7 3. g3 f5 4. Bg2 Nf6 5. 0-0 g6 6. Nc3 Bg7 7. d3 0-0 8. Rb1 e6 9. b4 Qe7 10. Qc2 d6 11. a4 a5 12. bxa5 Rxa5 13. Bd2 Nc6 14. d4 Raa8 15. e3 Na5 16. Qa2 Ne4 17. Nb5 g5 18. Bb4 g4 19. Nd2 Nxd2 20. Bxd2 Bxg2 21. Kxg2 Kh8 22. Nc3 Qd7 23. d5 Bxc3 24. Bxc3+ e5 25. Ra1 Nb7 26. Qc2 Nc5 27. a5 bxa5 28. Bxa5 Ne4 29. Rfb1 Qf7 30. Rb7 Qh5 31. Rbb1 Qh3+ 32. Kh1 Rf6 33. Rg1 Ng5 34. f4 gxf3 35. Qf2 Rh6 36. Ra2 Ne4 37. Qxf3 Rxa5 38. Rb2 Ra8 0-1

[Event "TUR-chT2"]
[Site "Konya"]
[Date "2015.07.26"]
[Round "3.2"]
[White "Fataliyeva, Ulviyya Hasil Qizi"]
[Black "Durmaz, Ayca Fatma"]
[Result "1-0"]
[WhiteElo "2306"]
[BlackElo "1891"]
[PlyCount "69"]
[EventDate "2015.07.25"]
[EventType "team-swiss"]
[EventRounds "9"]
[EventCountry "TUR"]
[SourceTitle "CBM 167 Extra"]
[Source "ChessBase"]
[SourceDate "2015.09.14"]
[SourceVersion "1"]
[SourceVersionDate "2015.09.14"]
[SourceQuality "1"]
[WhiteTeam "Ankara Onur"]
[BlackTeam "Ankara Odtu"]
[WhiteTeamCountry "TUR"]
[BlackTeamCountry "TUR"]

1. e4 c5 2. Nf3 Nc6 3. d4 cxd4 4. Nxd4 Nf6 5. Nc3 e6 6. Ndb5 Bb4 7. a3 Bxc3+ 8. Nxc3 d5 9. Bd3 0-0 10. 0-0 d4 11. Ne2 e5 12. b4 a6 13. Qe1 Qd6 14. Bd2 b5 15. Rd1 Be6 16. f4 Bg4 17. h3 Bxe2 18. Qxe2 Rad8 19. fxe5 Nxe5 20. Bg5 Rfe8 21. Bxf6 gxf6 22. Rf5 Kh8 23. Qf2 Re6 24. Rf1 Kg7 25. Qg3+ Ng6 26. Qg4 Rg8 27. Rd5 Qb6 28. Rh5 Kh8 29. Rff5 Qd6 30. Qf3 Rg7 31. e5 Nxe5 32. Qa8+ Rg8 33. Rxh7+ Kxh7 34. Rh5+ Kg7 35. Rh7# 1-0

[Event "TUR-chT"]
[Site "Kocaeli"]
[Date "2014.08.27"]
[Round "11.2"]
[White "Durmaz, Ayca Fatma"]
[Black "Soylemez, Cansu"]
[Result "1-0"]
[WhiteElo "1867"]
[BlackElo "1919"]
[PlyCount "81"]
[EventDate "2014.08.18"]
[EventType "team-tourn"]
[EventRounds "13"]
[EventCountry "TUR"]
[SourceTitle "CBM 162 Extra"]
[Source "ChessBase"]
[SourceDate "2014.10.17"]
[SourceVersion "1"]
[SourceVersionDate "2014.10.17"]
[SourceQuality "1"]
[WhiteTeam "Antalya Calli"]
[BlackTeam "Besiktas Jimnastik"]
[WhiteTeamCountry "TUR"]
[BlackTeamCountry "TUR"]

1. c4 e5 2. Nc3 Nc6 3. g3 g6 4. Bg2 Bg7 5. d3 d6 6. e3 f5 7. Nge2 Nf6 8. 0-0 0-0 9. Rb1 g5 10. f4 exf4 11. exf4 g4 12. d4 h5 13. d5 Ne7 14. Qd3 h4 15. Be3 Qe8 16. Nb5 Qd8 17. Nbd4 Rb8 18. Bf2 h3 19. Bh1 Bd7 20. Rfe1 Re8 21. Nc3 Nh7 22. Ne6 Bxe6 23. Rxe6 Nf8 24. Re2 a6 25. Rbe1 Qd7 26. Nd1 Kf7 27. Ne3 Rbd8 28. b4 b6 29. Nc2 Neg6 30. Nd4 Bxd4 31. Bxd4 Rxe2 32. Rxe2 Re8 33. Re6 Nxe6 34. Qxf5+ Kg8 35. dxe6 Qh7 36. Be4 Re7 37. Qxg4 Qh6 38. Bxg6 Kf8 39. Qf5+ Kg8 40. Qf6 Qg7 41. Bf7+ 1-0

[Event "TUR-chT"]
[Site "Kocaeli"]
[Date "2014.08.25"]
[Round "8.6"]
[White "Ibrahimova, Sabina Oqtay"]
[Black "Durmaz, Ayca Fatma"]
[Result "1-0"]
[WhiteElo "2263"]
[BlackElo "1867"]
[PlyCount "45"]
[EventDate "2014.08.18"]
[EventType "team-tourn"]
[EventRounds "13"]
[EventCountry "TUR"]
[SourceTitle "CBM 162 Extra"]
[Source "ChessBase"]
[SourceDate "2014.10.17"]
[SourceVersion "1"]
[SourceVersionDate "2014.10.17"]
[SourceQuality "1"]
[WhiteTeam "Mersin Ezgi"]
[BlackTeam "Antalya Calli"]
[WhiteTeamCountry "TUR"]
[BlackTeamCountry "TUR"]

1. e4 c5 2. Nf3 e6 3. d4 cxd4 4. Nxd4 Nf6 5. Nc3 Nc6 6. a3 d5 7. Bb5 Bd7 8. exd5 Nxd5 9. Nxd5 exd5 10. 0-0 Qf6 11. Re1+ Be7 12. Nf3 Be6 13. Bg5 Qxb2 14. Bxc6+ bxc6 15. Bxe7 Kxe7 16. Nd4 Kd7 17. Rb1 Qc3 18. Re3 Qc4 19. Rxe6 fxe6 20. Qg4 Rhe8 21. Rb7+ Kd6 22. Qxg7 Rac8 23. Qd7+ 1-0

[Event "Wch U18 Girls"]
[Site "Al Ain"]
[Date "2013.??.??"]
[Round "3"]
[White "Durmaz, Ayca Fatma"]
[Black "Guo, Emma"]
[Result "0-1"]
[WhiteElo "1799"]
[BlackElo "2011"]
[PlyCount "58"]
[EventDate "2013.12.18"]
[EventType "swiss"]
[EventRounds "11"]
[EventCountry "UAE"]
[SourceTitle "CBM 158 Extra"]
[Source "ChessBase"]
[SourceDate "2014.02.28"]
[SourceVersion "1"]
[SourceVersionDate "2014.02.28"]
[SourceQuality "1"]

1. c4 g6 2. Nc3 c5 3. g3 Bg7 4. Nf3 Nc6 5. Bg2 Nh6 6. 0-0 0-0 7. d3 Nf5 8. a3 b6 9. Rb1 Bb7 10. Bd2 a5 11. Nb5 Rb8 12. Bf4 d6 13. Ng5 Nfd4 14. Nxd4 Nxd4 15. Ne4 e5 16. Bd2 f5 17. Nc3 f4 18. Nd5 Kh8 19. Bc3 Qg5 20. Bxd4 exd4 21. gxf4 Rxf4 22. Nxf4 Be5 23. e4 Qxf4 24. Re1 Rf8 25. Re2 Qxh2+ 26. Kf1 Bc8 27. f3 Bg3 28. b4 Bh3 29. Rc2 Qh1+ 0-1

[Event "Olympiad Women-40"]
[Site "Istanbul"]
[Date "2012.09.07"]
[Round "10.4"]
[White "Durmaz, Ayca Fatma"]
[Black "Hernandez Graterol, Zaida"]
[Result "1-0"]
[WhiteElo "1801"]
[BlackElo "1990"]
[PlyCount "167"]
[EventDate "2012.08.28"]
[EventType "team-swiss"]
[EventRounds "11"]
[EventCountry "TUR"]
[SourceTitle "CBM 150 Extra"]
[Source "ChessBase"]
[SourceDate "2012.10.19"]
[SourceVersion "1"]
[SourceVersionDate "2012.10.19"]
[SourceQuality "1"]
[WhiteTeam "Turkey 2016 (W)"]
[BlackTeam "Venezuela (W)"]
[WhiteTeamCountry "TUR"]
[BlackTeamCountry "VEN"]

1. c4 c6 2. Nf3 d5 3. b3 Bg4 4. Bb2 Nd7 5. g3 Bxf3 6. exf3 Ngf6 7. Bg2 e6 8. 0-0 Be7 9. f4 0-0 10. d3 c5 11. Nc3 d4 12. Ne4 Rb8 13. Qe2 Qc7 14. b4 b6 15. b5 Rfe8 16. h3 Bf8 17. Qc2 g6 18. Rfe1 Bg7 19. Bc1 Rbd8 20. Bd2 Nxe4 21. Rxe4 Bf8 22. Rae1 Bd6 23. R4e2 Re7 24. Qd1 Rde8 25. Bc6 Rc8 26. Be4 Rce8 27. h4 Nf6 28. Bc6 Rc8 29. Bf3 h5 30. a4 Kg7 31. a5 Rh8 32. axb6 axb6 33. Qc2 Qb8 34. Ra1 Ra7 35. Ree1 Re8 36. Ra6 Ree7 37. Rea1 Ne8 38. Qa4 Rxa6 39. bxa6 Ra7 40. Bb7 Kf8 41. Qb3 Bc7 42. Kg2 Nd6 43. Bc6 Qc8 44. Qa4 Ke7 45. Kh2 Bd8 46. f5 Nxf5 47. Bf4 Nd6 48. Bxd6+ Kxd6 49. Bb7 Rxb7 50. axb7 Qxb7 51. Qa8 Qxa8 52. Rxa8 Bc7 53. f3 e5 54. Kg2 Ke6 55. Rc8 Kd7 56. Rg8 Bd8 57. Kf2 Ke7 58. Ke2 Kd7 59. Kd2 Ke7 60. Kc2 Kd7 61. Kb3 Ke7 62. g4 Kd7 63. g5 Bc7 64. Ka4 Bd8 65. Kb5 Bc7 66. Ra8 Bd8 67. Rxd8+ Kxd8 68. Kxb6 f6 69. gxf6 g5 70. hxg5 h4 71. g6 Ke8 72. g7 Kf7 73. Kc6 h3 74. Kd6 h2 75. g8Q+ Kxg8 76. Ke7 h1Q 77. f7+ Kh7 78. f8Q Qh4+ 79. Qf6 Qg3 80. Qf5+ Kh6 81. Ke6 Qh2 82. Qg4 Kh7 83. Kf7 Qh6 84. Qg8# 1-0

[Event "TUR-ch (Women)"]
[Site "Kemer"]
[Date "2012.02.03"]
[Round "9"]
[White "Firat, Deniz"]
[Black "Durmaz, Ayca Fatma"]
[Result "1-0"]
[WhiteElo "1632"]
[BlackElo "1823"]
[PlyCount "67"]
[EventDate "2012.01.29"]
[EventType "swiss"]
[EventRounds "9"]
[EventCountry "TUR"]
[SourceTitle "CBM 146 Extra"]
[Source "ChessBase"]
[SourceDate "2012.02.29"]
[SourceVersion "1"]
[SourceVersionDate "2012.02.29"]
[SourceQuality "1"]

1. d4 Nf6 2. c4 g6 3. Nf3 Bg7 4. g3 0-0 5. Bg2 d6 6. 0-0 Nbd7 7. Nc3 e5 8. e4 c6 9. h3 Re8 10. Be3 exd4 11. Nxd4 Nc5 12. Qc2 Qe7 13. Rfe1 Nfxe4 14. Nxe4 Nxe4 15. Bxe4 Qxe4 16. Bd2 Qxe1+ 17. Rxe1 Rxe1+ 18. Bxe1 Bxd4 19. Kh2 Bf5 20. Qe2 Bf6 21. Bb4 c5 22. Bd2 Bxb2 23. Qe7 Bd4 24. Be3 Bxe3 25. fxe3 Be6 26. Qxb7 Rc8 27. a4 a5 28. Kg2 Rd8 29. Qb5 Rc8 30. e4 Kg7 31. Kf3 Kf6 32. Qxa5 Bxc4 33. Qc3+ Ke7 34. Qxc4 1-0

[Event "World ol U16 10th"]
[Site "Kocaeli"]
[Date "2011.10.31"]
[Round "10.9"]
[White "Durmaz, Ayca Fatma"]
[Black "Pon, Matt"]
[Result "0-1"]
[WhiteElo "1816"]
[BlackElo "1638"]
[PlyCount "62"]
[EventDate "2011.10.24"]
[EventType "team-swiss"]
[EventRounds "10"]
[EventCountry "TUR"]
[SourceTitle "EXT 2012"]
[Source "ChessBase"]
[SourceDate "2011.11.24"]
[SourceVersion "1"]
[SourceVersionDate "2011.11.24"]
[SourceQuality "1"]
[WhiteTeam "Turkey III"]
[BlackTeam "South Africa"]
[WhiteTeamCountry "TUR"]
[BlackTeamCountry "RSA"]

1. c4 Nf6 2. g3 g6 3. Bg2 Bg7 4. Nc3 0-0 5. Nf3 d6 6. 0-0 e5 7. Rb1 a5 8. a3 Re8 9. d3 c6 10. b4 axb4 11. axb4 d5 12. cxd5 cxd5 13. d4 e4 14. Ne5 Nc6 15. Nxc6 bxc6 16. Qc2 Ba6 17. b5 cxb5 18. Nxb5 Qd7 19. Nc3 Rec8 20. Qd2 Ne8 21. f3 Rc4 22. e3 Rxc3 23. Qxc3 Bxf1 24. Bxf1 exf3 25. Kf2 Nf6 26. Qb2 Qf5 27. h3 Ne4+ 28. Kg1 f2+ 29. Kg2 Qg5 30. Kf3 Qxg3+ 31. Ke2 Ra2 0-1

[Event "World ol U16 10th"]
[Site "Kocaeli"]
[Date "2011.10.29"]
[Round "7.5"]
[White "Sengupta, Arjun"]
[Black "Durmaz, Ayca Fatma"]
[Result "0-1"]
[WhiteElo "1566"]
[BlackElo "1816"]
[PlyCount "60"]
[EventDate "2011.10.24"]
[EventType "team-swiss"]
[EventRounds "10"]
[EventCountry "TUR"]
[SourceTitle "EXT 2012"]
[Source "ChessBase"]
[SourceDate "2011.11.24"]
[SourceVersion "1"]
[SourceVersionDate "2011.11.24"]
[SourceQuality "1"]
[WhiteTeam "Kenya"]
[BlackTeam "Turkey III"]
[WhiteTeamCountry "KEN"]
[BlackTeamCountry "TUR"]

1. e4 c5 2. Nf3 Nc6 3. d4 cxd4 4. Nxd4 Nf6 5. Nc3 e6 6. Nxc6 bxc6 7. Bd3 d5 8. exd5 cxd5 9. 0-0 a6 10. a3 Bd6 11. Qe2 0-0 12. Bg5 h6 13. Bh4 Bb7 14. Rfe1 Re8 15. b4 e5 16. Qd2 e4 17. Be2 Be5 18. Rab1 Qc7 19. Bxf6 gxf6 20. Nxd5 Bxd5 21. Qxd5 Bxh2+ 22. Kh1 e3 23. fxe3 Bg3 24. Rf1 Rad8 25. Qb3 Rd2 26. Bd3 Qc6 27. e4 Re5 28. c4 Rh5+ 29. Kg1 Bh2+ 30. Kh1 Bf4+ 0-1

[Event "EU-ch U16 Girls"]
[Site "Albena"]
[Date "2011.09.18"]
[Round "7"]
[White "Durmaz, Ayca Fatma"]
[Black "Cazacu, Gabriela"]
[Result "0-1"]
[WhiteElo "1816"]
[BlackElo "1721"]
[PlyCount "42"]
[EventDate "2011.09.11"]
[EventType "swiss"]
[EventRounds "9"]
[EventCountry "BUL"]
[SourceTitle "CBM 144 Extra"]
[Source "ChessBase"]
[SourceDate "2011.10.28"]
[SourceVersion "1"]
[SourceVersionDate "2011.10.28"]
[SourceQuality "1"]

1. c4 e5 2. g3 c5 3. Bg2 Nc6 4. Nc3 g6 5. Nf3 Bg7 6. 0-0 Nge7 7. a3 0-0 8. Rb1 d6 9. b4 Rb8 10. bxc5 dxc5 11. Ne1 Be6 12. d3 Qd7 13. Nc2 Bh3 14. Ne3 Bxg2 15. Kxg2 f5 16. Ned5 Nxd5 17. Nxd5 Ne7 18. Nxe7+ Qxe7 19. Rb5 b6 20. Qb3 Qb7+ 21. f3 a6 0-1